AMC Theaters Movie Of The Year - Statistics

General Stats
  • This quiz has been taken 6 times
  • The average score is 5 of 47
Answer Stats
Hint Answer % Correct
2002 Spider Man
67%
2012 The Avengers
67%
1985 Back to the Future
50%
1994 The Shawshank Redemption
50%
1989 Batman
33%
1995 Batman Forever
33%
2023 Oppenheimer
33%
1979 Superman
33%
2019 Avengers: Endgame
17%
2018 Avengers: Infinity War
17%
2016 Captain America: Civil War
17%
1984 Ghostbusters
17%
2010 Iron Man 2
17%
1990 It
17%
1993 Schindler's List
17%
2006 Spider Man 3
17%
2008 The Dark Knight
17%
1988 Who Framed Roger Rabbit?
17%
2020 Alone
0%
1998 Baseketball
0%
1997 Batman and Robin
0%
2005 Batman Begins
0%
2011 Captain America: First Avenger
0%
2024 Deadpool and Wolverine
0%
1996 Dragonheart
0%
2007 Fantastic 4: Rise of the Silver Surfer
0%
1987 Full Metal Jacket
0%
2014 Guardians of the Galaxy
0%
1986 Indiana Jone and the Last Crusade
0%
1980 Indiana Jones and the Raiders of the Last Ark
0%
2015 John Wick
0%
2017 John Wick: Chapter 2
0%
2013 Man of Steel
0%
2022 Memory
0%
1991 Robin Hood: Prince of Thieves
0%
1978 Star Wars: A New Hope
0%
2001 Star Wars: Attack of the Clones
0%
1983 Star Wars: Return of the Jedi
0%
2004 Star Wars: Revenge of the Sith
0%
1981 Star Wars: The Empire Strikes Back
0%
1999 Star Wars: The Phantom Menace
0%
1982 Superman II
0%
2009 The Collector
0%
1992 Wuthering Heights
0%
2003 X2
0%
2000 X-Men
0%
2021 Zack Synder's Justice League
0%
No matching quizzes found
Score Distribution
Percent of People with Each Score
Percentile by Number Answered
Your Score History
You have not taken this quiz